| 000 | 00563nam a2200229Ia 4500 | ||
|---|---|---|---|
| 003 | 0100 | ||
| 008 | 130303s9999 xx 000 0 und d | ||
| 020 | _a0268009406 | ||
| 040 | _cARRUPELIB | ||
| 050 | _aBJ1461.B684 1976 | ||
| 100 | _aBoyle, Joseph M | ||
| 245 | _aFree Choice | ||
| 245 | _ba self-referential argument | ||
| 260 | _aNotre Dame, Indiana | ||
| 260 | _bUniversity of Notre Dame Press | ||
| 260 | _C1976 | ||
| 300 | _axi | ||
| 300 | _b 207p. 25cm. | ||
| 650 | _aETHICS | ||
| 700 | _aGrisez, Germain and Tollefsen, Olaf | ||
| 942 | 0 | 0 | _04 |
| 999 |
_c28834 _d28834 |
||